[Event "World Blitz 2016"]
[Site "Doha QAT"]
[Date "2016.12.29"]
[Round "4.14"]
[White "Bok, Benjamin"]
[Black "Jobava, Baadur"]
[Result "0-1"]
[WhiteTitle "GM"]
[BlackTitle "GM"]
[WhiteElo "2598"]
[BlackElo "2702"]
[WhiteFideId "1017063"]
[BlackFideId "13601520"]
[EventDate "2016.12.29"]

1. d4 Nf6 2. Nf3 e6 3. c4 Bb4+ 4. Nbd2 b6 5. a3 Bxd2+ 6. Qxd2 O-O 7. e3 a5 8. b3
d5 9. Be2 Ba6 10. O-O a4 11. bxa4 Bxc4 12. Bxc4 dxc4 13. Qc2 Qd5 14. Ne5 Nbd7
15. Nxc4 Qc6 16. Bb2 Qxa4 17. Rfc1 Qxc2 18. Rxc2 Ra7 19. Rac1 Rfa8 20. f3 Ne8
21. Kf2 f6 22. g4 Kf7 23. h4 Ra4 24. Ke2 R8a7 25. Nd2 h5 26. g5 fxg5 27. hxg5 g6
28. Ne4 Ke7 29. Bc3 Kd8 30. Bb4 R4a6 31. Rc6 Ng7 32. Nf6 b5 33. R6c2 Nf5 34. Rc6
Nb8 35. R6c5 Nd7 36. Rc6 Nb8 37. R6c5 Nd6 38. Re5 Nc6 39. Rxe6 Nxb4 40. axb4
Ra2+ 41. Kd3 Rb2 42. Rc2 Ra3+ 43. Kd2 Nc4+ 44. Kd1 Ra1+ 45. Rc1 Rd2+ 0-1

[Event "World Blitz 2016"]
[Site "Doha QAT"]
[Date "2016.12.29"]
[Round "4.15"]
[White "Bortnyk, Olexandr"]
[Black "Jumabayev, Rinat"]
[Result "1-0"]
[WhiteTitle "GM"]
[BlackTitle "GM"]
[WhiteElo "2581"]
[BlackElo "2611"]
[WhiteFideId "14120828"]
[BlackFideId "13702661"]
[EventDate "2016.12.29"]

1. e4 e5 2. Nf3 Nc6 3. Bb5 a6 4. Ba4 Nf6 5. Qe2 b5 6. Bb3 Bc5 7. c3 O-O 8. O-O
d6 9. h3 h6 10. Rd1 Bb6 11. d3 Re8 12. Nbd2 d5 13. Nf1 Be6 14. Ng3 Qd7 15. Bc2
d4 16. Nh4 Ne7 17. Qf3 Kh7 18. Bb3 c5 19. cxd4 cxd4 20. Bd2 Bxb3 21. axb3 Qe6
22. Ngf5 Neg8 23. g4 g6 24. Ng3 Qxb3 25. g5 hxg5 26. Bxg5 Qe6 27. Kg2 Bd8 28.
Rdc1 Kg7 29. Ngf5+ gxf5 30. Nxf5+ Kh8 31. Rc5 Nh7 32. Bd2 Bg5 33. Bxg5 Nxg5 34.
Qh5+ Nh7 35. Kh2 Qg6 36. Qe2 Qg5 37. Rg1 Qf4+ 38. Kh1 Ngf6 39. Nd6 Rf8 40. Rc7
Qh4 41. Qf3 Qh5 42. Qxh5 Nxh5 43. Nxf7+ Rxf7 44. Rxf7 a5 45. Rg6 Rg8 46. Rh6 Ng7
47. Rb7 b4 48. Rb5 Re8 49. Rxa5 Kg8 50. Ra7 Nf8 51. Rb7 Nge6 52. Rh5 Nf4 53.
Rg5+ Kh8 54. Rxb4 Nxd3 55. Rb6 Nf4 56. Rd6 Kh7 57. b4 N4g6 58. b5 Rb8 59. b6 Rb7
60. h4 d3 61. h5 Nf4 62. Rxe5 N8e6 63. Kh2 Ng7 64. h6 Nge6 65. Rexe6 Nxe6 66.
Rxe6 Rd7 67. b7 Rxb7 68. Rd6 Rb3 69. f3 Rb2+ 70. Kg3 Rb3 71. Kf4 Ra3 72. e5 Rb3
73. Ke4 1-0

[Event "World Blitz 2016"]
[Site "Doha QAT"]
[Date "2016.12.29"]
[Round "4.16"]
[White "Jakovenko, Dmitry"]
[Black "Zhigalko, Sergei"]
[Result "1/2-1/2"]
[WhiteTitle "GM"]
[BlackTitle "GM"]
[WhiteElo "2704"]
[BlackElo "2671"]
[WhiteFideId "4122356"]
[BlackFideId "13502956"]
[EventDate "2016.12.29"]

1. d4 Nf6 2. c4 e6 3. Nf3 b6 4. a3 Ba6 5. Qc2 Bb7 6. Nc3 c5 7. e4 cxd4 8. Nxd4
d6 9. Be2 Be7 10. O-O O-O 11. Be3 Nbd7 12. f3 a6 13. Rfc1 Rc8 14. Bf1 d5 15.
exd5 exd5 16. Nf5 dxc4 17. Nxe7+ Qxe7 18. Re1 b5 19. Rad1 Rfe8 20. Qf2 Qe5 21.
Bd4 Qf5 22. Ne2 h5 23. Bc3 Nd5 24. Bd4 Qg6 25. Qh4 Ne5 26. Ng3 Nd3 27. Rxe8+
Rxe8 28. Bxd3 cxd3 29. Qxh5 Nf4 30. Qxg6 fxg6 31. Kf2 Rc8 32. Be3 Rc2+ 33. Rd2
g5 34. Nf5 Kf8 35. Nd4 Rxd2+ 36. Bxd2 Bd5 37. Bxf4 gxf4 38. Ke1 Kf7 39. Kd2 Kf6
40. b3 Ke5 41. Kxd3 g5 42. g3 Bf7 43. b4 Bc4+ 44. Kc3 Bd5 45. Kd3 Bc4+ 46. Kc3
Bd5 47. Kd3 1/2-1/2

[Event "World Blitz 2016"]
[Site "Doha QAT"]
[Date "2016.12.29"]
[Round "4.17"]
[White "Leko, Peter"]
[Black "Adhiban, Baskaran"]
[Result "0-1"]
[WhiteTitle "GM"]
[BlackTitle "GM"]
[WhiteElo "2693"]
[BlackElo "2666"]
[WhiteFideId "703303"]
[BlackFideId "5018471"]
[EventDate "2016.12.29"]

1. e4 c5 2. Nf3 g6 3. d4 cxd4 4. Nxd4 Nc6 5. c4 Bg7 6. Be3 Nf6 7. Nc3 O-O 8. Be2
d6 9. O-O Bd7 10. Nc2 Qa5 11. f3 Rfc8 12. Rc1 Ne5 13. b4 Qd8 14. Na3 a5 15. b5
a4 16. Nd5 Nxd5 17. cxd5 Rxc1 18. Qxc1 Qa5 19. Qd2 Qxd2 20. Bxd2 f5 21. h3 fxe4
22. fxe4 Nf7 23. Rb1 Bd4+ 24. Kh2 Ne5 25. Nc2 Bc5 26. Bg5 a3 27. Bxe7 Ra4 28.
Bf3 Rc4 29. Ne1 Kf7 30. Bg5 Bb4 31. Kg3 Bc3 32. Bf4 Bb2 33. Be3 Bxb5 34. Kf2 Rc8
35. Be2 Bc4 36. Bxc4 Rxc4 37. Nf3 Nd3+ 38. Ke2 Nb4 39. Nd2 Rc2 40. Bd4 Bxd4 41.
Rxb4 Bc3 42. Rxb7+ Kf6 43. Kd3 Rxd2+ 44. Kxc3 Rxa2 45. Rd7 Ke5 46. Re7+ Kf4 47.
Rxh7 Rxg2 48. Rd7 a2 49. Ra7 Kxe4 50. Ra4+ Kxd5 0-1

[Event "World Blitz 2016"]
[Site "Doha QAT"]
[Date "2016.12.29"]
[Round "4.18"]
[White "Bu, Xiangzhi"]
[Black "Morozevich, Alexander"]
[Result "1/2-1/2"]
[WhiteTitle "GM"]
[BlackTitle "GM"]
[WhiteElo "2705"]
[BlackElo "2676"]
[WhiteFideId "8601445"]
[BlackFideId "4116992"]
[EventDate "2016.12.29"]

1. Nf3 d5 2. d4 Bf5 3. Bf4 e6 4. e3 Bd6 5. Bxd6 Qxd6 6. c3 Nf6 7. Bd3 Ne4 8. O-O
Nd7 9. Qe2 Bg4 10. h3 Bh5 11. Qd1 f5 12. Be2 O-O 13. Nbd2 c6 14. Ne1 Bxe2 15.
Qxe2 Rf6 16. Nd3 Raf8 17. Nf3 Rh6 18. Nfe5 g5 19. Qe1 Nef6 20. f3 c5 21. Qg3 Rg6
22. Qh2 Rg7 23. Nxd7 Qxh2+ 24. Kxh2 Nxd7 25. Nxc5 Nxc5 26. dxc5 Rc8 27. e4 dxe4
28. fxe4 Rxc5 29. exf5 exf5 30. Rad1 Re7 31. Rd2 Kf7 32. Rfd1 Rce5 33. Kg1 h5
34. Kf2 h4 35. c4 g4 36. hxg4 fxg4 37. Rd4 Re2+ 38. Kf1 Rxb2 39. Rxg4 Ree2 40.
Rd7+ Ke6 41. Rxb7 Rf2+ 42. Kg1 Rxg2+ 43. Rxg2 Rxb7 44. Rg4 Rb2 45. Rxh4 Rxa2 46.
Kf1 Kd6 47. Rh5 Kc6 48. Ke1 Rc2 49. Kd1 Rxc4 50. Kd2 Kb6 51. Rh1 a5 52. Rb1+ Ka6
53. Rc1 Rg4 54. Kc2 a4 55. Kb2 Kb5 56. Rh1 Kb4 57. Kb1 1/2-1/2

[Event "World Blitz 2016"]
[Site "Doha QAT"]
[Date "2016.12.29"]
[Round "4.19"]
[White "Moiseenko, Alexander"]
[Black "Quparadze, Giga"]
[Result "1-0"]
[WhiteTitle "GM"]
[BlackTitle "IM"]
[WhiteElo "2657"]
[BlackElo "2481"]
[WhiteFideId "14102560"]
[BlackFideId "13602250"]
[EventDate "2016.12.29"]

1. d4 Nf6 2. Bg5 e6 3. e4 h6 4. Bxf6 Qxf6 5. c3 d6 6. Bd3 Nc6 7. Ne2 e5 8. O-O
g5 9. Bb5 Bd7 10. d5 Nb8 11. Bxd7+ Nxd7 12. Ng3 Bg7 13. Na3 O-O 14. Nc4 Qg6 15.
Ne3 Rfe8 16. Nef5 Nf6 17. f3 h5 18. Ne3 h4 19. Ngf5 Nh5 20. g3 Bf6 21. gxh4
gxh4+ 22. Kh1 Kh7 23. Rg1 Bg5 24. Nxh4 Bxh4 25. Rxg6 fxg6 26. Qg1 Rf8 27. Qg4
Bf6 28. Rg1 Rg8 29. Kg2 Bg7 30. Kf1 Bh6 31. Ng2 Raf8 32. Ke2 Rg7 33. Kd1 Rf6 34.
Kc2 Rf8 35. a4 a5 36. Kb3 Rf6 37. Ka2 Rf8 38. Nh4 Rf4 39. Qh3 Rg8 40. Nf5 Re8
41. Rg4 gxf5 42. Rg1 Ng7 43. Qg2 Kh8 44. Qg6 Rh4 45. exf5 Rf8 46. f6 Ne8 47. f7
Ng7 48. Qf6 Rh5 49. Rg6 Kh7 50. h4 Nf5 51. Rg1 Ng7 52. Qe7 Nf5 53. Qe6 Ng7 54.
Qe7 Nf5 55. Qxc7 Rxh4 56. Qd7 Rf4 57. Qe6 Nh4 58. Rg4 Nxf3 59. Qg6+ 1-0

[Event "World Blitz 2016"]
[Site "Doha QAT"]
[Date "2016.12.29"]
[Round "4.20"]
[White "Svane, Rasmus"]
[Black "Matlakov, Maxim"]
[Result "0-1"]
[WhiteTitle "GM"]
[BlackTitle "GM"]
[WhiteElo "2555"]
[BlackElo "2694"]
[WhiteFideId "4657101"]
[BlackFideId "4168003"]
[EventDate "2016.12.29"]

1. d4 Nf6 2. c4 e6 3. Nc3 c5 4. Nf3 cxd4 5. Nxd4 Nc6 6. Bf4 d5 7. e3 Bb4 8. Nxc6
bxc6 9. Qa4 Qb6 10. Bd3 O-O 11. O-O a5 12. Qc2 Be7 13. Na4 Qa7 14. Be5 h6 15.
Rac1 Ba6 16. Rfd1 Nd7 17. Bg3 Bf6 18. b3 Rfc8 19. Be2 Ne5 20. Bf1 dxc4 21. Bxe5
Bxe5 22. Bxc4 Rd8 23. g3 Bb5 24. Qe4 Bf6 25. Bf1 Rab8 26. Rxd8+ Rxd8 27. Nc5 Bb2
28. Nxe6 fxe6 29. Qxe6+ Qf7 30. Qxf7+ Kxf7 31. Rb1 Rd2 32. a4 Bxf1 33. Kxf1 c5
34. Ke1 Bc3 35. Kf1 Ke6 36. Rc1 Bb4 37. Rb1 Kd5 38. Kg2 Ke4 39. h4 Kd3 40. Rc1
Rb2 41. Rd1+ Bd2 42. Kf3 Rxb3 0-1

[Event "World Blitz 2016"]
[Site "Doha QAT"]
[Date "2016.12.29"]
[Round "4.21"]
[White "Aleksandrov, Aleksej"]
[Black "Wojtaszek, Radoslaw"]
[Result "0-1"]
[WhiteTitle "GM"]
[BlackTitle "GM"]
[WhiteElo "2574"]
[BlackElo "2749"]
[WhiteFideId "13500139"]
[BlackFideId "1118358"]
[EventDate "2016.12.29"]

1. d4 Nf6 2. c4 e6 3. Nc3 Bb4 4. e3 O-O 5. Ne2 Re8 6. a3 Bf8 7. Ng3 d5 8. Be2 b6
9. O-O Bb7 10. Qc2 c5 11. dxc5 bxc5 12. Rd1 Nbd7 13. b3 Qc7 14. Bb2 a6 15. Rac1
Rad8 16. Bf1 dxc4 17. Bxc4 Qc6 18. Bf1 h5 19. h3 h4 20. Nge2 Ne5 21. Na4 Nf3+
22. Kh1 Ne4 23. Nf4 Nfd2 24. Kg1 Nxf1 25. Rxd8 Rxd8 26. Rxf1 Rd2 27. Qc1 Bd6 28.
f3 Bxf4 29. exf4 Re2 30. Nc3 Ng3 31. Rf2 Rxf2 32. Kxf2 c4 33. b4 Nf5 34. Ne4
Qb6+ 35. Nc5 Bd5 36. Qc3 a5 37. Bc1 axb4 38. Qxb4 Qa7 39. a4 Nd4 40. Be3 Nc2 41.
Qc3 Nxe3 42. Qxe3 Qa5 43. g3 hxg3+ 44. Kxg3 c3 45. Qd4 c2 46. Nd3 Qd2 0-1

[Event "World Blitz 2016"]
[Site "Doha QAT"]
[Date "2016.12.29"]
[Round "4.22"]
[White "Cheparinov, Ivan"]
[Black "Sanal, Vahap"]
[Result "1-0"]
[WhiteTitle "GM"]
[BlackTitle "GM"]
[WhiteElo "2689"]
[BlackElo "2474"]
[WhiteFideId "2905540"]
[BlackFideId "6300545"]
[EventDate "2016.12.29"]

1. d4 d6 2. Nf3 g6 3. c4 Bg7 4. Nc3 e5 5. dxe5 dxe5 6. Qxd8+ Kxd8 7. Bd2 Be6 8.
O-O-O Nd7 9. Ng5 Bxc4 10. e4 Bxf1 11. Rhxf1 Nh6 12. f4 c6 13. fxe5 Ke7 14. e6
fxe6 15. Ne2 e5 16. Bb4+ c5 17. Bd2 Raf8 18. Nc3 Nf6 19. Be3 b6 20. Rxf6 Bxf6
21. Nd5+ Ke8 22. Nc7+ Ke7 23. Nd5+ Ke8 24. h3 Bd8 25. Ne6 Nf7 26. Ng7+ Kd7 27.
Nxb6+ Kc6 28. Nc4 Bc7 29. Ne6 Re8 30. Nxc7 Kxc7 31. Bxc5 Rc8 32. b4 Rhd8 33. Rf1
Rd7 34. Rf6 Kb8 35. Kc2 Ka8 36. a4 Ng5 37. Nxe5 Rdc7 38. Kd3 Re8 39. Rf8 Rcc8
40. Rxe8 Rxe8 41. Bd4 Ne6 42. Be3 Rd8+ 43. Kc4 Kb7 44. Nf7 Rf8 45. Nd6+ Kc6 46.
e5 Rf1 47. b5+ Kd7 48. Bxa7 Rc1+ 49. Kb4 Nc7 50. Bd4 Nd5+ 51. Kb3 Rb1+ 52. Kc4
Ke6 53. a5 Rb4+ 54. Kc5 Ra4 55. a6 Nc7 56. Nc4 Ra2 57. Kb6 Nd5+ 58. Kc5 Nc7 59.
a7 1-0

[Event "World Blitz 2016"]
[Site "Doha QAT"]
[Date "2016.12.29"]
[Round "4.23"]
[White "Debashis, Das"]
[Black "Bosiocic, Marin"]
[Result "1-0"]
[WhiteTitle "GM"]
[BlackTitle "GM"]
[WhiteElo "2472"]
[BlackElo "2591"]
[WhiteFideId "5024854"]
[BlackFideId "14507927"]
[EventDate "2016.12.29"]

1. d4 Nf6 2. c4 e6 3. Nc3 Bb4 4. e3 O-O 5. Bd3 d5 6. Nf3 c5 7. O-O dxc4 8. Bxc4
Nbd7 9. Qe2 a6 10. Bd3 b5 11. a3 Bxc3 12. bxc3 Re8 13. e4 e5 14. dxe5 Nxe5 15.
Nxe5 Rxe5 16. Bf4 Re8 17. Rad1 Qb6 18. Bb1 Bb7 19. Rd6 Qa5 20. Rxf6 Qxa3 21. e5
Qxc3 22. Bxh7+ Kxh7 23. Qh5+ Kg8 24. Qxf7+ Kh8 25. Bh6 1-0

[Event "World Blitz 2016"]
[Site "Doha QAT"]
[Date "2016.12.29"]
[Round "4.24"]
[White "Volokitin, Andrei"]
[Black "Onischuk, Vladimir"]
[Result "0-1"]
[WhiteTitle "GM"]
[BlackTitle "GM"]
[WhiteElo "2649"]
[BlackElo "2601"]
[WhiteFideId "14107090"]
[BlackFideId "14114038"]
[EventDate "2016.12.29"]

1. e4 d6 2. d4 Nf6 3. Nc3 g6 4. Be3 a6 5. Qd2 b5 6. f3 Nbd7 7. h4 Nb6 8. a4 Nc4
9. Bxc4 bxc4 10. Nge2 Rb8 11. Nd1 c6 12. Bh6 a5 13. Bxf8 Rxf8 14. c3 h5 15. Kf2
Qb6 16. Ne3 Ba6 17. Rhb1 c5 18. d5 Qd8 19. Ng3 e5 20. dxe6 fxe6 21. Rd1 Ke7 22.
Kg1 Rb6 23. Qe2 Qb8 24. Rd2 Kf7 25. Rad1 d5 26. Nef1 Qf4 27. Qe3 Qxe3+ 28. Nxe3
Bb7 29. Ne2 Bc6 30. Nf4 Bxa4 31. exd5 exd5 32. Nfxd5 Nxd5 33. Nxd5 Rd6 34. Ne3
Rxd2 35. Rxd2 Bb3 36. Rd6 Rb8 37. Ra6 a4 38. Nd5 Bc2 39. Nb6 Bb3 40. Nd7 Rb5 41.
Ne5+ Ke7 42. Nxg6+ Kd8 43. Ne5 Kc7 44. g4 Kb7 45. Rd6 hxg4 46. fxg4 Ba2 47. Rd2
Rb6 48. g5 Re6 49. Re2 Bb1 50. h5 Bd3 51. Re3 Bc2 52. Nxc4 Ra6 53. g6 Bxg6 54.
hxg6 Rxg6+ 55. Kf2 Ka6 56. Kf3 Kb5 57. Na3+ Ka5 58. Re2 Rg8 59. Ke3 Rd8 60. Rd2
Rb8 61. Kd3 Rd8+ 62. Ke4 Rc8 63. Kd5 0-1

[Event "World Blitz 2016"]
[Site "Doha QAT"]
[Date "2016.12.29"]
[Round "4.25"]
[White "Anton Guijarro, David"]
[Black "Melkumyan, Hrant"]
[Result "0-1"]
[WhiteTitle "GM"]
[BlackTitle "GM"]
[WhiteElo "2650"]
[BlackElo "2633"]
[WhiteFideId "2285525"]
[BlackFideId "13302485"]
[EventDate "2016.12.29"]

1. d4 Nf6 2. c4 g6 3. Nc3 d5 4. cxd5 Nxd5 5. e4 Nxc3 6. bxc3 Bg7 7. Qa4+ Nd7 8.
Nf3 c5 9. Be2 O-O 10. O-O cxd4 11. cxd4 Nb6 12. Qa3 Qd6 13. h3 Bd7 14. Qe3 Rfe8
15. Ba3 Qc6 16. Rfc1 Qa4 17. Bc5 Rac8 18. Ne5 Bb5 19. Bxb5 Qxb5 20. a4 Qa5 21.
f4 Bxe5 22. fxe5 Nd7 23. Ba3 Rxc1+ 24. Rxc1 Qxa4 25. Rc7 Qb5 26. Kh2 a5 27. Qc3
Nf8 28. d5 b6 29. Bxe7 Nd7 30. Bd6 Nc5 31. Bxc5 bxc5 32. Qf3 Rf8 33. Qf6 Qb2 34.
d6 Qd4 35. Qf4 c4 36. h4 h5 37. Re7 c3 38. Rc7 a4 39. Qf3 Qxe5+ 40. Qg3 Qxe4 41.
Rxc3 Qd4 42. Rd3 Qf6 43. Rf3 Qe6 44. Re3 Qf6 45. Rf3 Qe6 46. Re3 Qf5 47. Rf3 Qd7
48. Rd3 Rd8 49. Qe5 Qe6 50. Qxe6 fxe6 51. Kg3 Kf7 52. Kf4 Kf6 53. Ke4 Ra8 54.
Kd4 a3 55. Rd1 a2 56. Ra1 Ra5 57. Kc4 e5 58. Kb4 Rd5 59. Rxa2 Rxd6 60. Kc5 Rd4
61. Rf2+ Rf4 62. Rxf4+ exf4 63. Kd4 Kf5 64. Kd5 Kg4 65. Ke4 Kg3 66. Ke5 Kxg2 67.
Kxf4 Kh3 68. Kg5 Kg3 69. Kxg6 Kxh4 0-1

[Event "World Blitz 2016"]
[Site "Doha QAT"]
[Date "2016.12.29"]
[Round "4.26"]
[White "Vitiugov, Nikita"]
[Black "Grandelius, Nils"]
[Result "1/2-1/2"]
[WhiteTitle "GM"]
[BlackTitle "GM"]
[WhiteElo "2726"]
[BlackElo "2643"]
[WhiteFideId "4152956"]
[BlackFideId "1710400"]
[EventDate "2016.12.29"]

1. d4 Nf6 2. Bg5 Ne4 3. Bf4 e6 4. e3 d5 5. Bd3 Bd6 6. Bxe4 Bxf4 7. exf4 dxe4 8.
Nc3 Nc6 9. Nge2 f5 10. Qd2 O-O 11. O-O-O a5 12. h3 a4 13. a3 b5 14. d5 exd5 15.
Qxd5+ Qxd5 16. Rxd5 b4 17. axb4 Nxb4 18. Rc5 a3 19. bxa3 Rxa3 20. Kb2 Ra7 21.
Nd4 Rb7 22. Kc1 Na6 23. Rb5 c5 24. Nb3 Rxb5 25. Nxb5 Be6 26. Nc3 Bxb3 27. cxb3
Rb8 28. Kc2 Nb4+ 29. Kd2 Nd3 30. f3 Nxf4 31. fxe4 fxe4 32. Nxe4 Rxb3 33. Nxc5
Rg3 34. Ne4 Rxg2+ 35. Ke3 Nd5+ 36. Kf3 Ra2 37. Rd1 Ra3+ 38. Kf2 Nf4 39. h4 h6
40. Ng3 Nd3+ 41. Kg2 Ne5 42. Rd5 Ng6 43. Rd4 Kf7 44. Rd7+ Kf6 45. Nh5+ Ke5 46.
Rxg7 Nxh4+ 47. Kh2 Nf5 48. Rg8 Ra2+ 49. Kh3 Ra3+ 50. Kh2 Ra4 51. Re8+ Kd6 52.
Nf6 h5 53. Re4 Ra2+ 54. Kh3 Ra3+ 55. Kh2 h4 56. Ne8+ Kc6 57. Nf6 Ng3 58. Rxh4 1/2-1/2

[Event "World Blitz 2016"]
[Site "Doha QAT"]
[Date "2016.12.29"]
[Round "4.27"]
[White "Quintiliano Pinto, Renato R."]
[Black "Riazantsev, Alexander"]
[Result "0-1"]
[WhiteTitle "IM"]
[BlackTitle "GM"]
[WhiteElo "2484"]
[BlackElo "2671"]
[WhiteFideId "2117568"]
[BlackFideId "4125029"]
[EventDate "2016.12.29"]

1. d4 Nf6 2. c4 e6 3. Nf3 d5 4. Nc3 a6 5. cxd5 exd5 6. Bg5 Be6 7. e3 Nbd7 8. Bd3
h6 9. Bh4 g5 10. Bg3 Nh5 11. Be5 Ng7 12. Bg3 Nh5 13. Be5 Nhf6 14. Bg3 Nh5 15.
Be5 Ng7 16. Bg3 c6 17. h3 Nf5 18. Bh2 Bg7 19. Qc2 Ne7 20. O-O-O c5 21. dxc5 Nxc5
22. Nd4 Rc8 23. Nxe6 Nxe6 24. Qa4+ b5 25. Qxa6 b4 26. Qa4+ Nc6 27. Bb5 O-O 28.
Bxc6 bxc3 29. Bxd5 cxb2+ 30. Kb1 Rc1+ 0-1

[Event "World Blitz 2016"]
[Site "Doha QAT"]
[Date "2016.12.29"]
[Round "4.28"]
[White "Nguyen, Ngoc Truong Son"]
[Black "Flores, Diego"]
[Result "1-0"]
[WhiteTitle "GM"]
[BlackTitle "GM"]
[WhiteElo "2629"]
[BlackElo "2579"]
[WhiteFideId "12401110"]
[BlackFideId "108049"]
[EventDate "2016.12.29"]

1. d4 Nf6 2. Nf3 c5 3. c3 b6 4. Bf4 Bb7 5. e3 g6 6. Nbd2 Bg7 7. h3 O-O 8. Be2 d6
9. O-O Nbd7 10. a4 a6 11. Qb3 Qc7 12. Bh2 Bc6 13. c4 Ne4 14. d5 Nxd2 15. Nxd2
Bb7 16. e4 e6 17. Qc2 Rae8 18. Rfe1 Bc8 19. Nf3 e5 20. a5 Bb7 21. Qa4 Rb8 22.
axb6 Nxb6 23. Qa5 Bh6 24. Reb1 Qd8 25. Bg3 Nd7 26. Qxd8 Rfxd8 27. Ne1 f5 28. f3
Nf6 29. Bd3 Nh5 30. Bf2 Nf4 31. Bc2 fxe4 32. Bxe4 Ne2+ 33. Kf1 Nd4 34. b4 Bf8
35. bxc5 dxc5 36. Nd3 Bd6 37. Rb6 Bc7 38. Rb2 Bd6 39. Rab1 Ba8 40. Rxb8 Rxb8 41.
Rxb8+ Bxb8 42. Nxc5 a5 43. Na6 Ba7 44. d6 Bxe4 45. fxe4 Kf7 46. Be1 a4 47. Bb4
Nc2 48. d7 Bb6 49. Ke2 Nxb4 50. Nxb4 Ke6 51. c5 Bd8 52. c6 Kd6 53. Kd3 Kc5 54.
Kc3 Ba5 55. c7 Bxc7 56. Na6+ Kd6 57. Nxc7 Kxc7 58. Kb4 Kxd7 59. Kxa4 Kc6 60. Kb4
Kb6 61. Kc4 Kc6 62. h4 h6 63. g4 Kd6 64. Kb5 g5 65. h5 Kd7 66. Kc5 Ke7 67. Kd5
Kf6 68. Kd6 Kf7 69. Kxe5 Ke7 70. Kf5 Kf7 71. e5 1-0

[Event "World Blitz 2016"]
[Site "Doha QAT"]
[Date "2016.12.29"]
[Round "4.29"]
[White "Naiditsch, Arkadij"]
[Black "Najer, Evgeniy"]
[Result "1-0"]
[WhiteTitle "GM"]
[BlackTitle "GM"]
[WhiteElo "2687"]
[BlackElo "2679"]
[WhiteFideId "4650891"]
[BlackFideId "4118987"]
[EventDate "2016.12.29"]

1. d4 d5 2. Nf3 Nf6 3. Bf4 c5 4. e3 Nc6 5. c3 Bg4 6. Nbd2 e6 7. Qa4 Nd7 8. Ne5
Ndxe5 9. Bxe5 cxd4 10. Nb3 f6 11. Bxd4 Bf5 12. Bb5 e5 13. Bc5 Bd7 14. Bxf8 Rxf8
15. Qh4 Qb6 16. Bxc6 Bxc6 17. Qxh7 O-O-O 18. O-O-O Rd7 19. Rd2 Bb5 20. Rhd1 Rfd8
21. Kb1 Ba4 22. Qf5 Kb8 23. e4 Bxb3 24. axb3 Qxb3 25. f4 Rd6 26. fxe5 Ra6 27.
Rxd5 Qa2+ 28. Kc1 Rc8 29. exf6 Qa1+ 30. Kc2 Qa4+ 31. Kd2 gxf6 32. Ke1 Rac6 33.
Rd8 Qc2 34. Qf4+ Ka8 35. Rxc8+ Rxc8 36. Rd2 Qc1+ 37. Kf2 a6 38. h4 Ka7 39. Qe3+
Ka8 40. h5 Qh1 41. Qh3 Qxh3 42. gxh3 Rc5 43. Rd5 Rc7 44. h6 Rh7 45. Rh5 Kb8 46.
Kf3 Kc7 47. Kf4 Kd7 48. Kf5 1-0

[Event "World Blitz 2016"]
[Site "Doha QAT"]
[Date "2016.12.29"]
[Round "4.30"]
[White "Bologan, Victor"]
[Black "Banikas, Hristos"]
[Result "1-0"]
[WhiteTitle "GM"]
[BlackTitle "GM"]
[WhiteElo "2640"]
[BlackElo "2568"]
[WhiteFideId "13900048"]
[BlackFideId "4202031"]
[EventDate "2016.12.29"]

1. e4 c5 2. Nf3 d6 3. d4 cxd4 4. Nxd4 Nf6 5. Nc3 a6 6. Be2 e6 7. Be3 Be7 8. f4
Nc6 9. g4 e5 10. Nxc6 bxc6 11. fxe5 dxe5 12. Qxd8+ Bxd8 13. g5 Nd7 14. O-O-O Bb6
15. Kd2 h6 16. h4 Ke7 17. Na4 Bxe3+ 18. Kxe3 Rb8 19. b3 hxg5 20. hxg5 Rxh1 21.
Rxh1 Nf8 22. Bc4 a5 23. Nc5 Be6 24. Be2 Kd6 25. Na6 Rc8 26. Rd1+ Ke7 27. Nc5 Rb8
28. a4 Bc8 29. Bc4 Be6 30. Be2 Rb6 31. Rd2 Rb8 32. Rd1 Rb6 33. Rh1 Kd6 34. Nd3
Rb8 35. Nb2 Ke7 36. Nd3 Kd6 37. Rd1 Nd7 38. Nb4+ Bd5 39. Nxd5 cxd5 40. Rxd5+ Kc6
41. Bb5+ 1-0

[Event "World Blitz 2016"]
[Site "Doha QAT"]
[Date "2016.12.29"]
[Round "4.31"]
[White "Pichot, Alan"]
[Black "Agdestein, Simen"]
[Result "1-0"]
[WhiteTitle "GM"]
[BlackTitle "GM"]
[WhiteElo "2544"]
[BlackElo "2602"]
[WhiteFideId "110973"]
[BlackFideId "1500015"]
[EventDate "2016.12.29"]

1. e4 e6 2. d4 d5 3. Nc3 Nc6 4. Nf3 Nf6 5. e5 Ne4 6. Ne2 f6 7. exf6 Nxf6 8. Ng3
Bd6 9. Bb5 O-O 10. Bxc6 bxc6 11. O-O c5 12. c3 cxd4 13. cxd4 c5 14. dxc5 Bxc5
15. Be3 Bxe3 16. fxe3 Qb6 17. Qd4 Ba6 18. Rfc1 Rfc8 19. Ng5 Rxc1+ 20. Rxc1 Rc8
21. Rxc8+ Bxc8 22. Ne2 h6 23. Nf3 Ba6 24. Nf4 Bc8 25. Nd3 Bd7 26. Nfe5 Be8 27.
h3 Ne4 28. Qxb6 axb6 29. Nf4 Bf7 30. Nd7 b5 31. Ne2 Be8 32. Ne5 Kf8 33. Nd4 Ke7
34. Kf1 Kd6 35. Nd3 e5 36. Nf5+ Kc7 37. Nxe5 Nd2+ 38. Ke2 Nc4 1-0

[Event "World Blitz 2016"]
[Site "Doha QAT"]
[Date "2016.12.29"]
[Round "4.33"]
[White "Ghaem Maghami, Ehsan"]
[Black "Amonatov, Farrukh"]
[Result "0-1"]
[WhiteTitle "GM"]
[BlackTitle "GM"]
[WhiteElo "2574"]
[BlackElo "2620"]
[WhiteFideId "12500739"]
[BlackFideId "14700077"]
[EventDate "2016.12.29"]

1. d4 Nf6 2. Bg5 Ne4 3. Bf4 d5 4. Nd2 Nxd2 5. Qxd2 Bf5 6. e3 e6 7. Bd3 Bg6 8.
Nf3 Nd7 9. O-O Be7 10. Rfe1 c5 11. c3 O-O 12. Ne5 Nxe5 13. Bxe5 Rc8 14. Bxg6
hxg6 15. dxc5 Bxc5 16. Rad1 a6 17. Bd4 Qb6 18. Bxc5 Rxc5 19. e4 dxe4 20. Qe3 Rc6
21. Qxb6 Rxb6 22. b3 f5 23. c4 a5 24. Rd4 Kf7 25. Red1 Kf6 26. g3 Ra8 27. Rd7 a4
28. c5 Rb5 29. bxa4 Rxa4 30. Rc7 Rxa2 31. Rdd7 Rb1+ 32. Kg2 Rbb2 0-1

[Event "World Blitz 2016"]
[Site "Doha QAT"]
[Date "2016.12.29"]
[Round "4.34"]
[White "Lu, Shanglei"]
[Black "Perez Ponsa, Federico"]
[Result "1-0"]
[WhiteTitle "GM"]
[BlackTitle "GM"]
[WhiteElo "2627"]
[BlackElo "2585"]
[WhiteFideId "8603332"]
[BlackFideId "117927"]
[EventDate "2016.12.29"]

1. e4 c6 2. Nc3 d5 3. Nf3 Bg4 4. h3 Bxf3 5. Qxf3 Nf6 6. d3 e6 7. Bd2 Be7 8. g4
b5 9. g5 Nfd7 10. h4 b4 11. Ne2 Bd6 12. Bh3 Qe7 13. h5 a5 14. O-O-O Rf8 15. d4
a4 16. Kb1 Na6 17. Qd3 g6 18. hxg6 hxg6 19. exd5 cxd5 20. Nf4 Nc7 21. Rhe1 O-O-O
22. c4 bxc3 23. Qxc3 Nb6 24. Qc6 Bxf4 25. Bxf4 Nc4 26. Qxa4 Kb7 27. Rd3 Na6 28.
Rc1 Qd7 29. Rxc4 dxc4 30. Qxc4 Qd5 31. Qc1 Rc8 32. Qf1 Ka7 33. Ra3 Qe4+ 34. Ka1
Qc6 35. Bg2 Qc4 36. Qxc4 Rxc4 37. Rxa6+ Kxa6 38. Bf1 Kb5 39. b3 Rd8 40. Bxc4+
Kc6 41. Be3 Rh8 42. Kb2 Ra8 43. a4 Ra5 44. Kc3 Ra8 45. Kb4 Rb8+ 46. Ka3 Ra8 47.
b4 Kd7 48. a5 Rc8 49. Kb3 Kd6 50. a6 Kc6 51. b5+ Kb6 52. Kb4 Kc7 53. Ka5 Rb8 54.
Bf4+ 1-0